Systém riadenia ľudských zdrojov vo vybranom podniku diplomová práca

Enregistré dans:
Détails bibliographiques
Auteur principal: Šulajová, Monika
Collectivité auteur: Fakulta podnikového manažmentu EU. Katedra manažmentu
Autres auteurs: Joniaková, Zuzana, 1970-
Format: Livre
Langue:slovaque
Publié: Bratislava 2018
Tags: Ajouter un tag
Pas de tags, Soyez le premier à ajouter un tag!

MARC

LEADER 00000nbm a2200000 4500
001 0244621
005 20180920131833.8
041 0 |a slo 
044 |a SK 
245 1 0 |a Systém riadenia ľudských zdrojov vo vybranom podniku  |b diplomová práca  |c Monika Šulajová ; školiteľ: Zuzana Joniaková 
264 1 |a Bratislava  |c 2018 
300 |a 80 s. 
100 1 |a Šulajová, Monika 
700 1 |a Joniaková, Zuzana, 1970- 
710 2 |a Fakulta podnikového manažmentu EU. Katedra manažmentu